000 00295nam a2200109Ia 4500
008 220204s9999 xx 000 0 und d
082 _a658.5
_bBLA
100 _aStewart P
245 0 _aManaging for responsive research and development
260 _aSan Franscisco
_bW H Freeman
_c1978
942 _cBK
999 _c31231
_d31231